[Event "XII Open"]
[Site "Crema ITA"]
[Date "2010.09.05"]
[Round "2"]
[White "Marchesotti, Giovanni"]
[Black "Maddaloni, Giovanni"]
[Result "0-1"]
[WhiteElo "1578"]
[BlackElo "1801"]
[PlyCount "84"]
[EventDate "2010.09.03"]

1. Nf3 Nf6 2. g3 g6 3. Bg2 Bg7 4. O-O c5 5. c4 Nc6 6. Nc3 O-O 7. d4 cxd4 8.
Nxd4 Qb6 9. e3 d6 10. Nxc6 bxc6 11. b3 Be6 12. Bb2 Rad8 13. Qc2 d5 14. Na4 Qb8
15. Nc5 Bf5 16. e4 Nxe4 17. Nxe4 Bxb2 18. Qxb2 dxe4 19. Rfe1 Rd3 20. Bxe4 Bxe4
21. Rxe4 Rfd8 22. Rae1 R8d6 23. Qa3 Rd2 24. R4e2 Rxe2 25. Rxe2 Rd1+ 26. Kg2 Qd8
27. Qb2 h5 28. Qe5 a5 29. Re1 Rd2 30. Re2 Rxe2 31. Qxe2 Qd4 32. Qf3 Qc5 33. a4
Kg7 34. Qe3 Qxe3 35. fxe3 Kf6 36. Kf3 Ke5 37. h4 Kd6 38. Ke4 Kc5 39. Kd3 f5 40.
b4+ Kxb4 41. Kd4 Kxa4 42. Kc5 Kb3 0-1

[Event "XII Open"]
[Site "Crema ITA"]
[Date "2010.09.05"]
[Round "2"]
[White "Martino, Antonio M."]
[Black "Stella, Andrea"]
[Result "0-1"]
[WhiteElo "1991"]
[BlackElo "2334"]
[PlyCount "98"]
[EventDate "2010.09.03"]

1. c4 b6 2. Nc3 Bb7 3. e4 e6 4. g3 f5 5. d3 Nf6 6. Bg2 fxe4 7. dxe4 Bb4 8. Bg5
Bxc3+ 9. bxc3 h6 10. Bxf6 Qxf6 11. Qd4 Nc6 12. Qxf6 gxf6 13. Nf3 Na5 14. Nd2
O-O-O 15. c5 bxc5 16. Nb3 Nxb3 17. axb3 a6 18. O-O d6 19. Rfb1 Kd7 20. f4 Rb8
21. e5 fxe5 22. fxe5 Bxg2 23. Kxg2 Rb6 24. b4 cxb4 25. cxb4 Rf8 26. exd6 cxd6
27. Ra2 e5 28. g4 Rf4 29. Kg3 Ke6 30. h4 Rc6 31. Rb3 Rcc4 32. g5 Rg4+ 33. Kf2
Rxh4 34. Rxa6 hxg5 35. b5 Rb4 36. Rd3 Rhd4 37. Rxd4 Rxd4 38. Ra3 Rb4 39. Rg3
Rb2+ 40. Ke1 Rxb5 41. Rxg5 Rb2 42. Rg8 Kd5 43. Rd8 e4 44. Kd1 Ke5 45. Ra8 d5
46. Ra4 d4 47. Ra5+ Kf4 48. Ra4 Ke3 49. Kc1 Rg2 0-1

[Event "XII Open"]
[Site "Crema ITA"]
[Date "2010.09.05"]
[Round "2"]
[White "Milanesi, Erminio"]
[Black "Aliberti, Emilio"]
[Result "0-1"]
[WhiteElo "1855"]
[BlackElo "1877"]
[PlyCount "41"]
[EventDate "2010.09.03"]

1. e4 c6 2. d3 d5 3. Nd2 e5 4. g3 Nf6 5. f3 Bc5 6. Nb3 Bb6 7. Bg5 h6 8. Bd2 O-O
9. Qe2 a5 10. a4 Be6 11. g4 dxe4 12. dxe4 Nbd7 13. g5 hxg5 14. Bxg5 Qe7 15.
O-O-O Bxb3 16. cxb3 Bxg1 17. Rxg1 Qc5+ 18. Kb1 Qxg1 19. Bh3 Qxg5 20. Bxd7 Nxd7
21. Rxd7 0-1

[Event "XII Open"]
[Site "Crema ITA"]
[Date "2010.09.05"]
[Round "2"]
[White "Mussap, Angelo"]
[Black "Regorda, Vittorio"]
[Result "1-0"]
[WhiteElo "2051"]
[BlackElo "1872"]
[PlyCount "151"]
[EventDate "2010.09.03"]

1. e4 e5 2. Nf3 d6 3. d4 exd4 4. Nxd4 Be7 5. Bc4 Nf6 6. Nc3 O-O 7. h3 Nc6 8.
Be3 Nxd4 9. Qxd4 c6 10. a4 Nd7 11. O-O Nc5 12. Qd2 Be6 13. Be2 Qc7 14. f4 f6
15. f5 Bf7 16. Rad1 Nd7 17. b3 Ne5 18. Bd4 Rfd8 19. Qe3 b6 20. Qf2 Rab8 21. Be3
Qb7 22. Qg3 Kh8 23. Rf4 d5 24. exd5 cxd5 25. Nb5 Rbc8 26. Nd4 Bc5 27. c3 Bd6
28. Nb5 Bb8 29. Qe1 a6 30. Nd4 Nc6 31. Rh4 Nxd4 32. cxd4 a5 33. Qd2 Bg3 34. Rg4
Qb8 35. Rf1 Bd6 36. Bf4 Bxf4 37. Rgxf4 Qc7 38. Bb5 Be8 39. Ba6 Ra8 40. Qe2 Bc6
41. Rh4 Qf7 42. Qc2 Bb7 43. Be2 Rac8 44. Qd2 Qc7 45. Bh5 Ba6 46. Re1 Kg8 47.
Qe3 Qd7 48. Qe6+ Kf8 49. Qxb6 Bd3 50. Qxa5 Bxf5 51. Rf4 Rc2 52. Qb4+ Kg8 53.
Re7 Rc1+ 54. Kh2 Qc8 55. Bf7+ Kh8 56. Qb5 Be4 57. Be6 Qb8 58. Qxb8 Rxb8 59. Bf5
Bxf5 60. Rxf5 Rd8 61. Rxd5 Rg8 62. Rc5 Rb1 63. Rb7 h6 64. Rc2 Kh7 65. b4 Kg6
66. Rd2 Rd8 67. d5 Rd6 68. a5 f5 69. Rd4 Kf6 70. Rb6 Ke5 71. Rxd6 Kxd6 72. a6
g5 73. Rc4 f4 74. Rc6+ Kxd5 75. Rc5+ Kd4 76. Ra5 1-0

[Event "XII Open"]
[Site "Crema ITA"]
[Date "2010.09.05"]
[Round "2"]
[White "Okhotnik, Vladimir"]
[Black "Pace, Roberto"]
[Result "1-0"]
[WhiteElo "2437"]
[BlackElo "1984"]
[PlyCount "75"]
[EventDate "2010.09.03"]

1. c4 Nf6 2. Nc3 e5 3. Nf3 Nc6 4. d4 exd4 5. Nxd4 Bb4 6. g3 Bxc3+ 7. bxc3 Ne5
8. Qb3 O-O 9. Bg2 d6 10. O-O Ned7 11. h3 Nc5 12. Qc2 Re8 13. Kh2 Qe7 14. Be3
Rb8 15. Rab1 Bd7 16. Qc1 a6 17. Bf4 Nfe4 18. Nb3 Qe6 19. f3 Nxb3 20. axb3 Nf6
21. e4 Nh5 22. Be3 f5 23. g4 fxg4 24. hxg4 Nf6 25. Qd2 Bc6 26. Bd4 a5 27. Bh3
Bd7 28. Qg5 Rf8 29. Rbe1 h6 30. Qd2 Nh5 31. f4 Nf6 32. f5 Qf7 33. g5 hxg5 34.
Qxg5 Rbe8 35. Rg1 c5 36. Bxf6 Qxf6 37. Qh5 Bc6 38. Rxg7+ 1-0

[Event "XII Open"]
[Site "Crema ITA"]
[Date "2010.09.05"]
[Round "2"]
[White "Raimondi, Celso"]
[Black "Ranfagni, Stefano"]
[Result "0-1"]
[WhiteElo "1640"]
[BlackElo "2011"]
[PlyCount "62"]
[EventDate "2010.09.03"]

1. d4 e6 2. c4 f5 3. Nc3 Nf6 4. Bg5 Be7 5. Bxf6 Bxf6 6. e4 fxe4 7. Nxe4 O-O 8.
Nxf6+ Qxf6 9. Nf3 Nc6 10. Be2 e5 11. dxe5 Nxe5 12. b3 Nxf3+ 13. Bxf3 Qc3+ 14.
Kf1 d6 15. Rc1 Qf6 16. Qe2 Bd7 17. Bd5+ Kh8 18. f3 Rae8 19. Qc2 Bf5 20. Qc3
Qxc3 21. Rxc3 c6 22. Kf2 cxd5 23. cxd5 Rc8 24. Rhc1 Rxc3 25. Rxc3 Rc8 26. Re3
Kg8 27. g4 Bb1 28. a3 Kf7 29. g5 Rc5 30. Re1 Bc2 31. Rc1 Bxb3 0-1

[Event "XII Open"]
[Site "Crema ITA"]
[Date "2010.09.05"]
[Round "2"]
[White "Raimondi, Giorgio"]
[Black "Christen, Peter Walter"]
[Result "1/2-1/2"]
[WhiteElo "1503"]
[BlackElo "1544"]
[PlyCount "70"]
[EventDate "2010.09.03"]

1. e4 e6 2. d4 d5 3. e5 c5 4. c3 Nc6 5. Nf3 Bd7 6. Bb5 cxd4 7. cxd4 Bb4+ 8. Bd2
Bxd2+ 9. Nbxd2 Nxe5 10. Nxe5 Bxb5 11. a4 Bd7 12. O-O Ne7 13. Nb3 O-O 14. Qd2
Nc6 15. Nxc6 Bxc6 16. Nc5 b6 17. Nd3 Rc8 18. b3 Bb7 19. Rac1 Qd6 20. Qb2 Ba6
21. Rfd1 Rxc1 22. Qxc1 Rc8 23. Qd2 Bxd3 24. Qxd3 Rc6 25. g3 Qc7 26. Qb5 Kf8 27.
Kg2 Qc8 28. a5 bxa5 29. Qxa5 Qc7 30. Qa3+ Ke8 31. Rd3 h5 32. b4 Rc4 33. Qa4+
Kd8 34. Qb3 Qb6 35. Qb2 Rxb4 1/2-1/2

[Event "XII Open"]
[Site "Crema ITA"]
[Date "2010.09.05"]
[Round "2"]
[White "Rambaldi, Francesco"]
[Black "Cattaneo, Marco"]
[Result "1/2-1/2"]
[WhiteElo "2015"]
[BlackElo "1850"]
[PlyCount "42"]
[EventDate "2010.09.03"]

1. e4 c5 2. Nf3 d6 3. d4 cxd4 4. Qxd4 Nc6 5. Bb5 Bd7 6. Bxc6 Bxc6 7. Nc3 Nf6 8.
Bg5 e6 9. O-O-O Be7 10. Rhe1 Qa5 11. Kb1 Rd8 12. Qd2 Qc7 13. Bxf6 Bxf6 14. Nd5
Bxd5 15. exd5 O-O 16. dxe6 fxe6 17. Rxe6 d5 18. Re3 Rd6 19. Rd3 Rfd8 20. Qf4
Bxb2 21. Rxd5 Ba3 1/2-1/2

[Event "XII Open"]
[Site "Crema ITA"]
[Date "2010.09.05"]
[Round "2"]
[White "Reduzzi, Maurizio"]
[Black "Tagliaferri, Valerio"]
[Result "0-1"]
[WhiteElo "2089"]
[BlackElo "1884"]
[PlyCount "118"]
[EventDate "2010.09.03"]

1. d4 Nf6 2. c4 e6 3. g3 c5 4. Nf3 cxd4 5. Nxd4 Nc6 6. Nxc6 bxc6 7. Bg2 d5 8.
O-O Be7 9. Nc3 O-O 10. b3 Bb7 11. Qc2 Qc7 12. Rd1 Rfd8 13. Bb2 d4 14. Ne4 c5
15. e3 Nxe4 16. Bxe4 Bxe4 17. Qxe4 e5 18. Re1 Bf6 19. Rad1 Qb6 20. Re2 g6 21.
f4 exf4 22. exf4 Kf8 23. Qd3 Re8 24. Rde1 Qc6 25. Bc1 Rxe2 26. Rxe2 Re8 27.
Rxe8+ Qxe8 28. Kf2 h5 29. Bd2 Qc6 30. Qf3 Qxf3+ 31. Kxf3 Be7 32. Ke4 Ke8 33.
Kd5 Kd7 34. a3 Kc7 35. b4 Kb6 36. h3 Bf8 37. Ke5 Be7 38. f5 gxf5 39. Kxf5 a6
40. g4 hxg4 41. Kxg4 Kc6 42. Kf5 Kd7 43. Be1 Kc6 44. h4 cxb4 45. axb4 a5 46.
b5+ Kc5 47. h5 Kxc4 48. b6 a4 49. Bg3 a3 50. b7 a2 51. b8=Q a1=Q 52. Qc7+ Bc5
53. Qxf7+ Kc3 54. h6 Qf1+ 55. Kg6 Qd3+ 56. Qf5 Qxg3+ 57. Kf7 Qc7+ 58. Kg6 d3
59. h7 Bd4 0-1

[Event "XII Open"]
[Site "Crema ITA"]
[Date "2010.09.05"]
[Round "2"]
[White "Saccani, Ettore"]
[Black "Epitome, Nando"]
[Result "0-1"]
[WhiteElo "1800"]
[BlackElo "1607"]
[PlyCount "78"]
[EventDate "2010.09.03"]

1. e4 c5 2. Nf3 d6 3. c3 Nf6 4. Bd3 e6 5. Bc2 Nbd7 6. d4 cxd4 7. cxd4 Qc7 8.
Nc3 a6 9. O-O Be7 10. Re1 O-O 11. Qd3 g6 12. Bg5 Qd8 13. Rac1 b5 14. Ne2 Bb7
15. Ng3 Kg7 16. Qd2 Ng8 17. Bb3 h6 18. Bxe7 Nxe7 19. Rc3 Rc8 20. Rec1 Rxc3 21.
Rxc3 Nf6 22. Qc2 Ba8 23. h3 Ne8 24. Ne2 Nf6 25. Nd2 d5 26. e5 Nd7 27. Rc7 Re8
28. Qc3 Nb6 29. Qc5 Nc4 30. Nxc4 dxc4 31. Bc2 Nd5 32. Ra7 Qa5 33. Nc3 Nxc3 34.
bxc3 Qxc3 35. Rxa8 Rxa8 36. Qc6 Rf8 37. Qe4 Rd8 38. Qf4 Rd7 39. Qf6+ Kh7 0-1

[Event "XII Open"]
[Site "Crema ITA"]
[Date "2010.09.05"]
[Round "2"]
[White "Scarabelli, Maurizio"]
[Black "Castrogiovanni, Carlo"]
[Result "0-1"]
[WhiteElo "1825"]
[BlackElo "2024"]
[PlyCount "86"]
[EventDate "2010.09.03"]

1. e4 c5 2. Nf3 a6 3. d4 cxd4 4. Nxd4 Nf6 5. Nc3 e5 6. Nb3 Bb4 7. Bd3 d5 8.
exd5 e4 9. Be2 Nxd5 10. Bd2 Nxc3 11. bxc3 Be7 12. O-O O-O 13. Be3 Nc6 14. Qxd8
Rxd8 15. Rfd1 Be6 16. Bb6 Rdc8 17. Nd4 Nxd4 18. Bxd4 Ba3 19. Rab1 b5 20. f3 f5
21. fxe4 fxe4 22. Bh5 Bc5 23. Rb2 Rc6 24. Re1 Bd5 25. Re3 Rac8 26. Re2 Rf8 27.
Re3 Rcf6 28. Be2 Rc8 29. Rg3 h6 30. Re3 Bxd4 31. cxd4 Rfc6 32. a4 bxa4 33. Ra3
Rxc2 34. Bxa6 Rxb2 35. Bxc8 e3 36. Rxe3 Rxg2+ 37. Kf1 Rxh2 38. Bd7 Ra2 39. Bf5
Kf7 40. Re5 Bc4+ 41. Ke1 a3 42. Rc5 Be6 43. Bb1 Ra1 0-1

[Event "XII Open"]
[Site "Crema ITA"]
[Date "2010.09.05"]
[Round "2"]
[White "Secondi, Alberto"]
[Black "Peschechera, Francesco"]
[Result "0-1"]
[WhiteElo "1455"]
[BlackElo "1704"]
[PlyCount "60"]
[EventDate "2010.09.03"]

1. d4 d5 2. c4 e6 3. Nf3 Nf6 4. Nc3 Be7 5. Bg5 Nbd7 6. Qc2 O-O 7. e4 dxe4 8.
Nxe4 Nxe4 9. Bxe7 Qxe7 10. Qxe4 Qb4+ 11. Nd2 Qxb2 12. Nb3 Nf6 13. Qf4 Bd7 14.
Bd3 Ba4 15. O-O Bxb3 16. axb3 Qxb3 17. Qg3 Qb6 18. Qe5 Rfd8 19. c5 Qb4 20. Qxc7
Qxd4 21. Rfd1 Qc3 22. Bxh7+ Kxh7 23. Qxf7 Rxd1+ 24. Rxd1 Rd8 25. Rf1 Qxc5 26.
Qxb7 Rd2 27. Qb1+ Qc2 28. Qe1 Ne4 29. Qe3 Nxf2 30. Qg3 Qc5 0-1

[Event "XII Open"]
[Site "Crema ITA"]
[Date "2010.09.05"]
[Round "2"]
[White "Stella, Luca"]
[Black "Pinna, Ferdinando"]
[Result "1/2-1/2"]
[WhiteElo "2042"]
[BlackElo "1858"]
[PlyCount "73"]
[EventDate "2010.09.03"]

1. Nf3 Nf6 2. g3 g6 3. Bg2 Bg7 4. O-O O-O 5. d3 d5 6. Nbd2 Nbd7 7. e4 dxe4 8.
dxe4 e5 9. c3 b6 10. Qc2 Bb7 11. Re1 Re8 12. Nc4 Qe7 13. Bg5 h6 14. Bxf6 Qxf6
15. Ne3 c6 16. Rad1 Qe6 17. Nd2 Nf6 18. Ndc4 Red8 19. f4 exf4 20. gxf4 Ng4 21.
Nxg4 Qxc4 22. Qb3 Qxb3 23. axb3 h5 24. Ne3 Bh6 25. Nc4 Bxf4 26. e5 Rxd1 27.
Rxd1 Ba6 28. Bxc6 Rc8 29. Bd7 Rc7 30. e6 fxe6 31. Bxe6+ Kg7 32. Rf1 Bxc4 33.
bxc4 g5 34. Kg2 Re7 35. Bd5 Re2+ 36. Rf2 Rxf2+ 37. Kxf2 1/2-1/2

[Event "XII Open"]
[Site "Crema ITA"]
[Date "2010.09.05"]
[Round "2"]
[White "Tahiraj, Almir"]
[Black "Bongiorni, Gabriele"]
[Result "1/2-1/2"]
[WhiteElo "1548"]
[BlackElo "1795"]
[PlyCount "134"]
[EventDate "2010.09.03"]

1. d4 d5 2. Nf3 Nf6 3. Bf4 c6 4. e3 Nbd7 5. Bd3 b5 6. c3 a5 7. Nbd2 e6 8. Qc2
Be7 9. h3 Ba6 10. e4 dxe4 11. Nxe4 Nxe4 12. Bxe4 Bb7 13. Bxh7 Nf6 14. Be4 Bd6
15. Bg5 Qc7 16. Qe2 Nxe4 17. Qxe4 c5 18. Qe2 c4 19. Rd1 Bd5 20. Rg1 f6 21. Bc1
O-O-O 22. Be3 g5 23. Kd2 b4 24. Ke1 Qc6 25. Kf1 Rxh3 26. Ne1 Rh7 27. f3 Rdh8
28. Qf2 Qc7 29. Qc2 b3 30. axb3 cxb3 31. Qe2 Bc4 32. Nd3 Bg3 33. Bf2 Rh1 34.
Bxg3 Qxg3 35. Qf2 Qf4 36. Ke2 R1h7 37. Qe3 Qd6 38. Kd2 Rd8 39. Qe4 Ra7 40. Ke3
a4 41. Nb4 Bd5 42. Nxd5 Qxd5 43. Qxd5 exd5 44. Kd3 Re8 45. Rge1 Rae7 46. Rxe7
Rxe7 47. Ra1 Ra7 48. c4 dxc4+ 49. Kxc4 Rc7+ 50. Kd5 Rc2 51. g4 Rxb2 52. Rxa4
Rf2 53. Ke4 b2 54. Rb4 Kd7 55. Ke3 Rh2 56. Kd3 Kc6 57. Kc3 Rf2 58. Rxb2 Rxf3+
59. Kc4 Rg3 60. Rf2 Rxg4 61. Rxf6+ Kd7 62. Kd5 Rg1 63. Rg6 g4 64. Ke4 g3 65.
Kf3 Rf1+ 66. Kg2 Rd1 67. Rg4 Kd6 1/2-1/2

[Event "XII Open"]
[Site "Crema ITA"]
[Date "2010.09.05"]
[Round "2"]
[White "Tedoldi, Guido"]
[Black "Distratis, Gianluca"]
[Result "0-1"]
[WhiteElo "1678"]
[BlackElo "1954"]
[PlyCount "58"]
[EventDate "2010.09.03"]

1. c4 e5 2. Nc3 d6 3. e4 f5 4. Nf3 Nf6 5. d3 Be7 6. Be2 O-O 7. O-O Kh8 8. exf5
Bxf5 9. Nh4 Be6 10. Re1 c6 11. Be3 Nbd7 12. Ne4 Nxe4 13. dxe4 Bxh4 14. Qxd6 Qe7
15. Rad1 Qf7 16. Rf1 Be7 17. Qd2 Rad8 18. f4 Nc5 19. Qc2 Rxd1 20. Qxd1 Rd8 21.
Qc2 exf4 22. Rxf4 Qg6 23. b4 Nd7 24. a3 Bg5 25. Rf3 Bg4 26. Rg3 Bxe3+ 27. Rxe3
Bxe2 28. Qxe2 Ne5 29. Rg3 Qd6 0-1

[Event "XII Open"]
[Site "Crema ITA"]
[Date "2010.09.05"]
[Round "2"]
[White "Ventura, Franco"]
[Black "Cambieri, Mario"]
[Result "1-0"]
[WhiteElo "2099"]
[BlackElo "1889"]
[PlyCount "63"]
[EventDate "2010.09.03"]

1. Nf3 c5 2. c4 Nf6 3. g3 Nc6 4. Bg2 g6 5. O-O Bg7 6. Nc3 O-O 7. d3 d6 8. a3
Bd7 9. Rb1 a5 10. Bg5 Rc8 11. Qd2 e6 12. Qf4 h6 13. Bxh6 Nh5 14. Qd2 Ne7 15.
Bxg7 Kxg7 16. b4 axb4 17. axb4 b6 18. Qb2 Bc6 19. b5 Bb7 20. Ra1 Nf6 21. Ra7
Rc7 22. Rfa1 d5 23. e3 Nc8 24. R7a2 dxc4 25. dxc4 Rd7 26. Ne5 Rc7 27. Rd1 Qe7
28. Bxb7 Rxb7 29. Nc6 Qc7 30. Ne4 e5 31. Nxf6 Kxf6 32. Rd7 1-0

[Event "XII Open"]
[Site "Crema ITA"]
[Date "2010.09.05"]
[Round "3"]
[White "Adami, Alessandro"]
[Black "Galli, Fabrizio"]
[Result "1-0"]
[WhiteElo "1675"]
[BlackElo "1472"]
[PlyCount "43"]
[EventDate "2010.09.03"]

1. e4 d6 2. d4 Nf6 3. Nc3 g6 4. g3 Bg7 5. Bg2 c6 6. Nge2 Nbd7 7. O-O O-O 8. h3
e5 9. d5 cxd5 10. Nxd5 Nxd5 11. Qxd5 Nf6 12. Qd3 Be6 13. Rd1 Rc8 14. Qxd6 Qxd6
15. Rxd6 Rxc2 16. Nc3 Rc8 17. Bf1 Nxe4 18. Nxe4 Rxc1 19. Rxc1 Rxc1 20. Rd8+ Bf8
21. Nf6+ Kh8 22. Rxf8+ 1-0

[Event "XII Open"]
[Site "Crema ITA"]
[Date "2010.09.05"]
[Round "3"]
[White "Adami, Antonio"]
[Black "Guzzetti, Luigi Enrico"]
[Result "0-1"]
[WhiteElo "1686"]
[BlackElo "1878"]
[PlyCount "79"]
[EventDate "2010.09.03"]

1. e4 c5 2. Nc3 e6 3. Nge2 Nc6 4. g3 Nf6 5. Bg2 Be7 6. d3 O-O 7. f4 d6 8. h3
Qc7 9. O-O Rb8 10. Be3 b5 11. Qd2 b4 12. Nd1 Bb7 13. g4 d5 14. e5 d4 15. Bf2
Nd5 16. Bg3 Rbd8 17. Qe1 Ne3 18. Nxe3 dxe3 19. f5 Nd4 20. Nxd4 cxd4 21. f6 gxf6
22. Bxb7 Qxb7 23. exf6 Bd6 24. g5 Qd5 25. h4 e2 26. Qxe2 Bxg3 27. Qg4 Bb8 28.
h5 Qe5 29. Rf2 Qg3+ 30. Qxg3 Bxg3 31. Rf3 Bh4 32. g6 fxg6 33. hxg6 hxg6 34.
Raf1 Rd5 35. Rf4 Bg5 36. Re4 Kf7 37. Kg2 Rh8 38. Rfe1 Be3 39. c3 Rg5+ 40. Kf3
0-1

[Event "XII Open"]
[Site "Crema ITA"]
[Date "2010.09.05"]
[Round "3"]
[White "Agnelli, Francesco"]
[Black "Gagliardi, Christian"]
[Result "0-1"]
[WhiteElo "2044"]
[BlackElo "2192"]
[PlyCount "48"]
[EventDate "2010.09.03"]

1. e4 c5 2. Nf3 Nc6 3. d4 cxd4 4. Nxd4 Nf6 5. Nc3 e5 6. Ndb5 d6 7. Bg5 a6 8.
Bxf6 gxf6 9. Na3 b5 10. Nd5 f5 11. exf5 Bxf5 12. c3 Bg7 13. Nc2 O-O 14. Nce3
Be6 15. Bd3 f5 16. Qh5 e4 17. Bc2 Ne7 18. Nf4 Bf7 19. Qh3 b4 20. O-O bxc3 21.
bxc3 Qa5 22. Rfd1 Qxc3 23. Rac1 Qe5 24. Nh5 f4 0-1

[Event "XII Open"]
[Site "Crema ITA"]
[Date "2010.09.05"]
[Round "3"]
[White "Aliberti, Emilio"]
[Black "Mansueti, Marco"]
[Result "1/2-1/2"]
[WhiteElo "1877"]
[BlackElo "1872"]
[PlyCount "151"]
[EventDate "2010.09.03"]

1. d4 d5 2. c4 e6 3. g3 Nf6 4. Bg2 b6 5. Nf3 Bb7 6. O-O Be7 7. Ne5 O-O 8. Nc3
Nc6 9. cxd5 Nxe5 10. d6 Bxg2 11. dxe7 Qxe7 12. dxe5 Bxf1 13. exf6 Qxf6 14. Kxf1
Rfd8 15. Qc2 c5 16. Be3 Rd7 17. Rd1 Rxd1+ 18. Qxd1 Rd8 19. Qa4 Qe7 20. Qe4 Qd7
21. Kg2 f6 22. f4 Rc8 23. a4 Qc6 24. Kf3 Kf7 25. Nb5 a6 26. Na3 Qd5 27. Nc4 Rc6
28. Bf2 Ke7 29. Qxd5 exd5 30. Nxb6 Kd6 31. a5 f5 32. Ke3 Rc7 33. Kd3 Kc6 34.
Na4 Kb5 35. Nxc5 Kxa5 36. Kd4 Re7 37. e3 Kb5 38. Be1 a5 39. Bc3 g6 40. Nd3 Re4+
41. Kxd5 Rxe3 42. Ne5 Re2 43. h3 Re3 44. g4 Rxh3 45. gxf5 gxf5 46. Ke6 Rg3 47.
Kxf5 h5 48. Ng6 a4 49. Be5 Kc6 50. Ne7+ Kd7 51. Nd5 h4 52. Ke4 h3 53. f5 h2 54.
Bxg3 h1=Q+ 55. Ke5 Ke8 56. Ke6 Qh8 57. Be5 Qg8+ 58. Kd6 Qf8+ 59. Ke6 Qf7+ 60.
Kd6 Qxf5 61. Bc3 Qd3 62. Kc5 Kd8 63. Nb4 Qd1 64. Nd5 Qb3 65. Be5 Kc8 66. Bd4
Kb7 67. Be5 a3 68. bxa3 Qxa3+ 69. Kd4 Kc6 70. Nf4 Qb4+ 71. Ke3 Qc4 72. Kf3 Kc5
73. Ke3 Qc1+ 74. Ke4 Qe1+ 75. Kf5 Qxe5+ 76. Kxe5 1/2-1/2

[Event "XII Open"]
[Site "Crema ITA"]
[Date "2010.09.05"]
[Round "3"]
[White "Astengo, Marcello"]
[Black "Everet, Alexandro"]
[Result "1/2-1/2"]
[WhiteElo "2064"]
[BlackElo "2246"]
[PlyCount "111"]
[EventDate "2010.09.03"]

1. d4 Nf6 2. c4 d6 3. Nc3 Bf5 4. f3 h6 5. e4 Bh7 6. Bd3 Nbd7 7. Nge2 e5 8. d5
g5 9. Be3 Bg7 10. Qd2 Bg6 11. O-O-O a6 12. Kb1 Nc5 13. Bc2 Rb8 14. Nc1 O-O 15.
h4 gxh4 16. Qf2 b5 17. Rxh4 bxc4 18. Rdh1 Nfd7 19. Bxh6 Bxh6 20. Rxh6 Qg5 21.
g3 Nf6 22. f4 Qg4 23. Qe3 Nh5 24. R1xh5 Bxh5 25. Bd1 exf4 26. gxf4 Rxb2+ 27.
Ka1 Qg7 28. Rxh5 Rg2 29. N1e2 Re8 30. Nd4 Rg3 31. Qxg3 Qxg3 32. Rg5+ Qxg5 33.
fxg5 Nxe4 34. Kb2 Nxg5 35. Be2 Re5 36. Bxc4 f5 37. Bxa6 f4 38. a4 f3 39. a5 f2
40. Nc6 Re1 41. Bc4 Nf3 42. a6 Nd2 43. Bb5 Re8 44. a7 Ra8 45. Ka3 Kg7 46. Kb4
Kf6 47. Bd3 Kg5 48. Nb5 Kf4 49. Nxc7 Ke3 50. Ba6 Rxa7 51. Nxa7 f1=Q 52. Bxf1
Nxf1 53. Nab5 Kd3 54. Nxd6 Ne3 55. Nf7 Nxd5+ 56. Nxd5 1/2-1/2

[Event "XII Open"]
[Site "Crema ITA"]
[Date "2010.09.05"]
[Round "3"]
[White "Attuati, Sara"]
[Black "Saccani, Ettore"]
[Result "0-1"]
[WhiteElo "1455"]
[BlackElo "1800"]
[PlyCount "120"]
[EventDate "2010.09.03"]

1. e4 e6 2. d4 d5 3. exd5 exd5 4. Nf3 Nf6 5. Bd3 Be7 6. O-O O-O 7. Nc3 c6 8.
Bf4 Bg4 9. h3 Bh5 10. Re1 Re8 11. Be2 Bb4 12. Ne5 Bxe2 13. Rxe2 Nbd7 14. Qd3
Nh5 15. Bh2 Bd6 16. Nxf7 Bxh2+ 17. Kxh2 Kxf7 18. Qf3+ Nhf6 19. Rae1 Qc7+ 20.
Kg1 Rxe2 21. Rxe2 Re8 22. g4 Rxe2 23. Nxe2 Kg8 24. Qf5 Qd6 25. Nf4 Nf8 26. c3
Qe7 27. f3 Qd7 28. Qc2 Ne6 29. Qd2 Qd6 30. Nd3 Qg3+ 31. Qg2 Qxg2+ 32. Kxg2 Kf8
33. Ne5 Ke7 34. Kg3 Nd7 35. Nd3 c5 36. dxc5 Nexc5 37. Nf4 Nf6 38. g5 Nfd7 39.
Nxd5+ Kd6 40. Ne3 Ke6 41. Kg4 Ne5+ 42. Kg3 Ned3 43. b4 Na4 44. Nd1 Ke5 45. Kg4
g6 46. h4 Ne1 47. c4 Nc2 48. f4+ Ke6 49. b5 Nb6 50. c5 Nd5 51. a4 Nce3+ 52.
Nxe3 Nxe3+ 53. Kf3 Nf5 54. Kg4 Kd5 55. h5 Kc4 56. hxg6 hxg6 57. Kf3 Kd5 58. Kg4
Ke4 59. a5 Ne3+ 60. Kg3 Kf5 0-1

[Event "XII Open"]
[Site "Crema ITA"]
[Date "2010.09.05"]
[Round "3"]
[White "Bertoletti, Vincenzo"]
[Black "Tahiraj, Almir"]
[Result "1/2-1/2"]
[WhiteElo "1737"]
[BlackElo "1548"]
[PlyCount "77"]
[EventDate "2010.09.03"]

1. d4 Nf6 2. Bf4 d5 3. e3 e6 4. Nf3 Bd6 5. Ne5 c6 6. Nd2 Qc7 7. Be2 Nbd7 8.
Ndf3 Ne4 9. O-O f6 10. Nd3 O-O 11. Rc1 Re8 12. Bxd6 Qxd6 13. c4 b6 14. Qa4 Bb7
15. b4 c5 16. cxd5 Bxd5 17. bxc5 bxc5 18. dxc5 Nexc5 19. Qa3 Ne4 20. Qxd6 Nxd6
21. Nb4 Nb6 22. Rfd1 Rac8 23. Ba6 Rxc1 24. Rxc1 Bc4 25. Nd4 Kf7 26. f3 Bxa6 27.
Nxa6 Rc8 28. Rxc8 Ndxc8 29. Kf2 e5 30. Nb3 Ke6 31. Ke2 Kd5 32. Kd3 Na4 33. e4+
Kd6 34. Kc4 Nb2+ 35. Kc3 Nd1+ 36. Kd2 Nb2 37. Kc3 Nd1+ 38. Kd2 Nb2 39. Kc3
1/2-1/2

[Event "XII Open"]
[Site "Crema ITA"]
[Date "2010.09.05"]
[Round "3"]
[White "Biava, Pierluigi"]
[Black "Madaschi, Sergio"]
[Result "1-0"]
[WhiteElo "1765"]
[BlackElo "1587"]
[PlyCount "57"]
[EventDate "2010.09.03"]

1. e4 c5 2. Nf3 d6 3. d4 cxd4 4. Nxd4 Nf6 5. Nc3 a6 6. Be2 e5 7. Nb3 Be6 8. O-O
Be7 9. Be3 O-O 10. f4 exf4 11. Bxf4 Nc6 12. Be3 Qc7 13. Nd5 Bxd5 14. exd5 Ne5
15. c4 Nxc4 16. Rc1 Nxe3 17. Rxc7 Nxd1 18. Rxd1 Bd8 19. Rxb7 Re8 20. Bf3 Re7
21. Rxe7 Bxe7 22. Rc1 g6 23. Rc6 Ne8 24. Na5 Kg7 25. b3 h5 26. h3 Kf8 27. Kf2
Bf6 28. Ke3 Bc3 29. Rxc3 1-0

[Event "XII Open"]
[Site "Crema ITA"]
[Date "2010.09.05"]
[Round "3"]
[White "Bolico, Exfelicos"]
[Black "Ranfagni, Stefano"]
[Result "1/2-1/2"]
[WhiteElo "2160"]
[BlackElo "2011"]
[PlyCount "91"]
[EventDate "2010.09.03"]

1. d4 e6 2. Nf3 f5 3. Bg5 Nf6 4. Nbd2 d5 5. e3 Be7 6. Bd3 O-O 7. O-O Nbd7 8.
Ne5 Nxe5 9. dxe5 Ne4 10. Bxe7 Qxe7 11. f3 Nc5 12. f4 b6 13. Nf3 Ba6 14. Nd4
Nxd3 15. cxd3 c5 16. Nf3 Rfd8 17. Rf2 Bb7 18. d4 Bc6 19. Rc1 c4 20. h3 a5 21.
g4 g6 22. Rg2 Kh8 23. Qe1 Rg8 24. Rcc2 b5 25. gxf5 gxf5 26. Rg5 Rxg5+ 27. Nxg5
Rg8 28. Rg2 b4 29. Kh1 Bd7 30. a3 Rg7 31. axb4 axb4 32. Qa1 h6 33. Nf3 Rxg2 34.
Kxg2 Qd8 35. Qe1 Qf8 36. Ng1 Ba4 37. Ne2 Bc2 38. Ng3 b3 39. Qa5 Qc8 40. Qb6
Be4+ 41. Kf2 Qg8 42. Qc7 h5 43. Nxe4 fxe4 44. h4 Qg4 45. Qd8+ Kh7 46. Qe7+
1/2-1/2

[Event "XII Open"]
[Site "Crema ITA"]
[Date "2010.09.05"]
[Round "3"]
[White "Bonade', Massimo"]
[Black "Okhotnik, Vladimir"]
[Result "0-1"]
[WhiteElo "2091"]
[BlackElo "2437"]
[PlyCount "44"]
[EventDate "2010.09.03"]

1. d4 d6 2. e4 Nf6 3. Nc3 c6 4. Bd3 e5 5. Nf3 Nbd7 6. Be3 Be7 7. h3 O-O 8. Qd2
b5 9. a4 b4 10. Ne2 d5 11. Ng3 dxe4 12. Nxe4 exd4 13. Nxd4 Ne5 14. Nxf6+ Bxf6
15. Qxb4 Qd5 16. Nb3 Nxd3+ 17. cxd3 Bf5 18. Nc5 Qxg2 19. O-O-O Rab8 20. Qf4
Bxb2+ 21. Kc2 Qd5 22. Rb1 Qa2 0-1

[Event "XII Open"]
[Site "Crema ITA"]
[Date "2010.09.05"]
[Round "3"]
[White "Bongiorni, Gabriele"]
[Black "Cattaneo, Dario"]
[Result "1/2-1/2"]
[WhiteElo "1795"]
[BlackElo "1599"]
[PlyCount "57"]
[EventDate "2010.09.03"]

1. d4 g6 2. g3 Bg7 3. Bg2 d5 4. c4 c6 5. Nf3 Nf6 6. Nc3 O-O 7. O-O Re8 8. Ne5
e6 9. b3 Nbd7 10. Bb2 Nxe5 11. dxe5 Nd7 12. f4 dxc4 13. Ne4 Qb6+ 14. Bd4 c5 15.
Bf2 cxb3 16. Rb1 Qc7 17. Rxb3 Rd8 18. Nd6 Nxe5 19. fxe5 Bxe5 20. Nb5 Rxd1 21.
Nxc7 Rxf1+ 22. Kxf1 Bxc7 23. Bxc5 Rb8 24. Bxa7 Ra8 25. Bxb7 Rxa7 26. Bxc8 Rxa2
27. Bb7 Kg7 28. Kf2 Be5 29. Be4 1/2-1/2